Számolás és mérés V. osztály

Elmentve itt :
Bibliográfiai részletek
Dokumentumtípus: Cikk
Megjelent: 1941
Sorozat:Gyakorlati pedagógia 6 No. 10
Kulcsszavak:Matematika tanítása - általános iskola, Pedagógia - gyakorlati, Óravázlat
Tárgyszavak:
Online Access:http://acta.bibl.u-szeged.hu/52257
LEADER 00663nab a2200181 i 4500
001 acta52257
005 20250402125019.0
008 180523s1941 hu o 000 hun d
040 |a SZTE Egyetemi Kiadványok Repozitórium  |b hun 
041 |a hun 
245 0 0 |a Számolás és mérés   |h [elektronikus dokumentum] :  |b V. osztály 
260 |c 1941 
300 |a 385-387 
490 0 |a Gyakorlati pedagógia  |v 6 No. 10 
650 4 |a Társadalomtudományok 
650 4 |a Oktatástudomány 
695 |a Matematika tanítása - általános iskola, Pedagógia - gyakorlati, Óravázlat 
856 4 0 |u http://acta.bibl.u-szeged.hu/52257/1/gyakorlati_1941_010_385-387.pdf  |z Dokumentum-elérés